La pintura mural moderna de Jalisco /

Guardado en:
Detalles Bibliográficos
Autor principal: Ayón Zester, Francisco (autor)
Otros autores: Gómez Echeverría, Manuel Valentín (autor) (autor)
Formato: Libro
Idioma:Español
Publicado: Guadalajara, México : Banco Refaccionario de Jalisco, 1964
Etiquetas: Agrega una etiqueta
Sin etiquetas, Sé el primero en etiquetar este registro!

MARC

LEADER 00000nam^a2200000^a^4500
001 000557590
005 20250526000000.0
009 20260310131803.379
037 |a Acervo ITESO - Biblioteca 
041 |a ESP 
091 |a FHA. 01813 
100 |a Ayón Zester, Francisco  |e (autor) 
245 1 3 |a La pintura mural moderna de Jalisco / 
264 1 |a Guadalajara, México :  |b Banco Refaccionario de Jalisco,  |c 1964 
300 |a 107 p. ;  |c 27.5 cm. 
336 |a texto  |b txt  |2 rdacontenido 
337 |a sin mediación  |b n  |2 rdamedio 
338 |a volumen  |b nc  |2 rdasoporte 
515 |a Inventario familia Hartung: 2344 
649 |a XX 
700 |a Gómez Echeverría, Manuel Valentín  |e (autor) 
910 |a Fondo Horst Hartung Franz 
920 |a Impresos - Libros 
930 |a Libros Antiguos y Raros 
905 |a 135 
901 |a 0500334258  |b IT2  |c LRA  |i D  |u 20250526 
902 |a https://opac.biblio.iteso.mx/vufind/Record/000557590